[Event "POL-ch U18 Girls"]
[Site "Chotowa"]
[Date "2009.04.01"]
[Round "6"]
[White "Kasperek, Joanna"]
[Black "Stepien, Katarzyna"]
[Result "1-0"]
[WhiteElo "2037"]
[BlackElo "1626"]
[PlyCount "57"]
[EventDate "2009.03.28"]
[EventType "swiss"]
[EventRounds "11"]
[EventCountry "POL"]
[SourceTitle "EXT 2011"]
[Source "ChessBase"]
[SourceDate "2010.11.26"]
[SourceVersion "1"]
[SourceVersionDate "2010.11.26"]
[SourceQuality "1"]

1. e4 e6 2. d4 Be7 3. e5 d6 4. Qg4 Bf8 5. Nc3 dxe5 6. dxe5 h6 7. Bd3 Ne7 8. f4 Nbc6 9. Bd2 b6 10. 0-0-0 Bb7 11. Bb5 a6 12. Ba4 b5 13. Be3 Qb8 14. Bb3 Na5 15. Qe2 Nxb3+ 16. axb3 Nd5 17. Nxd5 Bxd5 18. Nf3 Be7 19. f5 Qb7 20. fxe6 fxe6 21. Nd4 c5 22. Qh5+ Kd8 23. Nxe6+ Kc8 24. Nf4 Be4 25. Qg4+ Kb8 26. Rd7 Qc8 27. Qe6 Bd8 28. Rhd1 Ba5 29. Rxg7 1-0

[Event "POL-ch U16 Girls"]
[Site "Leba"]
[Date "2008.04.02"]
[Round "7"]
[White "Stepien, Katarzyna"]
[Black "Bakalarczyk, Jolanta"]
[Result "1-0"]
[WhiteElo "1543"]
[BlackElo "1600"]
[PlyCount "61"]
[EventDate "2008.03.29"]
[EventType "swiss"]
[EventRounds "11"]
[EventCountry "POL"]
[SourceTitle "CBM 123 Extra"]
[Source "ChessBase"]
[SourceDate "2008.05.06"]
[SourceVersion "1"]
[SourceVersionDate "2008.05.06"]
[SourceQuality "1"]

1. d4 Nf6 2. Nf3 g6 3. Bf4 Bg7 4. e3 d6 5. h3 0-0 6. Be2 Nbd7 7. 0-0 Qe8 8. c4 e5 9. dxe5 dxe5 10. Bh2 Qe7 11. Nc3 c6 12. Rc1 Re8 13. Qc2 h5 14. Rfd1 Nh7 15. Ne4 Ndf8 16. Nd6 Bxh3 17. Nxe8 Rxe8 18. gxh3 e4 19. Ne1 Qh4 20. Bf1 Be5 21. f4 exf3 22. Bxe5 Qg5+ 23. Kh1 Qxe5 24. Nxf3 Qxe3 25. Bg2 Qc5 26. b3 Ne6 27. Re1 Rd8 28. Rcd1 Rf8 29. Re5 Qb6 30. Rxe6 fxe6 31. Qxg6+ 1-0

[Event "POL-ch U16 Girls"]
[Site "Leba"]
[Date "2008.04.01"]
[Round "5"]
[White "Stepien, Katarzyna"]
[Black "Kowara, Magdalena"]
[Result "1-0"]
[WhiteElo "1543"]
[BlackElo "1797"]
[PlyCount "83"]
[EventDate "2008.03.29"]
[EventType "swiss"]
[EventRounds "11"]
[EventCountry "POL"]
[SourceTitle "CBM 123 Extra"]
[Source "ChessBase"]
[SourceDate "2008.05.06"]
[SourceVersion "1"]
[SourceVersionDate "2008.05.06"]
[SourceQuality "1"]

1. d4 d5 2. Nf3 e6 3. Bf4 Nf6 4. c4 Be7 5. Nc3 0-0 6. e3 c5 7. Nb5 Na6 8. Be2 Qa5+ 9. Qd2 Qxd2+ 10. Nxd2 Bd7 11. dxc5 Bxc5 12. 0-0 Bxb5 13. cxb5 Nb8 14. Rfc1 b6 15. Nb3 Nbd7 16. Rc2 Be7 17. Rac1 Nc5 18. Nd4 Nfe4 19. Nc6 Bf6 20. f3 g5 21. Be5 Bxe5 22. fxe4 Bf6 23. exd5 exd5 24. Rf1 Kg7 25. Bf3 Rae8 26. Bxd5 Rxe3 27. b3 a6 28. bxa6 Nxa6 29. Bc4 Nc5 30. Nb4 Rc3 31. Rxc3 Bxc3 32. Nc2 f6 33. Rd1 Rb8 34. a4 Rb7 35. Ne3 Ne4 36. Bd5 Rb8 37. Bxe4 Re8 38. Nf5+ Kf8 39. Bf3 Re5 40. g4 Bb4 41. Rd8+ Kf7 42. Bd5+ 1-0